[Event "Tournament 14475 - Europe Echecs"]
[Site "Europe Echecs"]
[Date "2020.07.12"]
[Round "7"]
[Time "17:15:33"]
[PlyCount "173"]
[White "FondratJohan"]
[Black "BregnacTristan"]
[WhiteElo "1509"]
[BlackElo "2047"]
[Mode "WEB"]
[Result "0-1"]

1. e4 c5 2. c3 Nf6 3. e5 Nd5 4. Nf3 Nc6 5. d4 cxd4 6. cxd4 d6 7. exd6 e6 8. Bc4
Bxd6 9. O-O O-O 10. Nc3 Nxc3 11. bxc3 e5 12. Be3 Bg4 13. Be2 Qf6 14. dxe5 Nxe5
15. Nxe5 Qxe5 16. g3 Bxe2 17. Qxe2 Qxc3 18. Rfd1 Qf6 19. Rab1 b6 20. Qg4 Rac8
21. Rb5 Rc2 22. Bd4 Rc4 23. Bxf6 Rxg4 24. Rxd6 gxf6 25. Rxf6 Kg7 26. Rc6 Ra4 27.
Rb2 Rd8 28. Kg2 Rd5 29. h4 Rda5 30. Rcc2 Ra3 31. Re2 R5a4 32. Red2 Kf6 33. Re2
Ra5 34. Rbc2 Rc5 35. Rcd2 Rca5 36. Rd6+ Kg7 37. Rdd2 b5 38. Rb2 a6 39. Red2 R5a4
40. Re2 Rd3 41. Re5 Kf6 42. Ree2 Rc4 43. Kh3 Kf5 44. Kg2 Rd5 45. Re7 Kf6 46.
Ree2 Rc1 47. Re3 Kg6 48. Ra3 Rc6 49. Rf3 Kg7 50. Rf4 a5 51. Rg4+ Kf8 52. Re4 Re6
53. Rf4 Ke7 54. Kh3 f5 55. h5 Kd6 56. Kh4 h6 57. Kh3 Kc5 58. Rf3 b4 59. Rf4 Kb5
60. Rf3 Rc6 61. Re2 Ka4 62. Kg2 Rc3 63. Rfe3 Rxe3 64. fxe3 Ka3 65. Kf3 a4 66. e4
fxe4+ 67. Kxe4 Rxh5 68. Kd4 b3 69. axb3 axb3 70. Kc3 Rc5+ 71. Kd4 Rc8 72. Rh2
Rc6 73. Kd5 Rb6 74. Kc5 b2 75. Kxb6 b1=Q+ 76. Kc5 Qg1+ 77. Kd6 Qxh2 78. Ke7 Qxg3
79. Kf7 h5 80. Kf6 h4 81. Kf5 h3 82. Ke4 h2 83. Kd4 h1=Q 84. Kc4 Qe4+ 85. Kb5
Qb8+ 86. Kc5 Qbb4# {FondratJohan est échec et mat} 0-1

[Event "Tournament 14475 - Europe Echecs"]
[Site "Europe Echecs"]
[Date "2020.07.12"]
[Round "7"]
[Time "17:15:33"]
[PlyCount "39"]
[White "GreuthierAlois"]
[Black "RebutPaul"]
[WhiteElo "1601"]
[BlackElo "1966"]
[Mode "WEB"]
[Result "0-1"]

1. e4 d5 2. exd5 Qxd5 3. Nc3 Qa5 4. d4 Nf6 5. Nf3 Bf5 6. Bd2 e6 7. Bc4 Bb4 8. a3
Bxc3 9. Bxc3 Qb6 10. O-O O-O 11. Qe2 Nc6 12. a4 a5 13. Rfd1 Rfd8 14. h3 Rd7 15.
Ne5 Nxe5 16. Qxe5 Rad8 17. Rab1 Nd5 18. Bd2 Bxc2 19. Bd3 Bxd3 {GreuthierAlois a abandonné} 0-1

[Event "Tournament 14475 - Europe Echecs"]
[Site "Europe Echecs"]
[Date "2020.07.12"]
[Round "7"]
[Time "17:15:33"]
[PlyCount "96"]
[White "SalvadorLucie"]
[Black "ChevillonManon"]
[WhiteElo "1979"]
[BlackElo "1356"]
[Mode "WEB"]
[Result "1-0"]

1. e4 e5 2. Nf3 Nc6 3. Bc4 Bc5 4. O-O Nf6 5. d3 d6 6. Be3 Bb6 7. c3 Be6 8. Bxe6
fxe6 9. Nbd2 Qd7 10. d4 exd4 11. cxd4 O-O-O 12. Qb3 Kb8 13. a3 h6 14. Qc2 g5 15.
Nc4 Rdg8 16. Nxb6 cxb6 17. b4 d5 18. b5 Na5 19. Ne5 Qe8 20. Rac1 Nc4 21. Nxc4
dxc4 22. e5 Nd5 23. Qxc4 h5 24. Qd3 h4 25. Rc2 g4 26. f4 gxf3 27. Rxf3 Qe7 28.
Rcf2 Qg7 29. Rf7 Qg6 30. Rf8+ Kc7 31. Qxg6 Rxf8 32. Rxf8 Rxf8 33. Qg7+ Kd8 34.
Qxf8+ Kd7 35. Qd6+ Kc8 36. Kf2 Nxe3 37. Ke2 Nc2 38. Qxe6+ Kb8 39. Qd7 a6 40.
bxa6 bxa6 41. e6 Nxd4+ 42. Qxd4 Kc7 43. e7 b5 44. e8=Q b4 45. Qc5+ Kb7 46. Qd7+
Kb8 47. Qcc7+ Ka8 48. Qa7# {ChevillonManon est échec et mat} 1-0

[Event "Tournament 14475 - Europe Echecs"]
[Site "Europe Echecs"]
[Date "2020.07.12"]
[Round "7"]
[Time "17:15:33"]
[PlyCount "57"]
[White "MorataJules"]
[Black "StrichardHadri"]
[WhiteElo "1568"]
[BlackElo "1199"]
[Mode "WEB"]
[Result "0-1"]

1. e4 c5 2. d4 cxd4 3. c3 e6 4. cxd4 Ne7 5. Nc3 d5 6. e5 Nbc6 7. Nf3 Nf5 8. g4
Nh4 9. Bb5 Nxf3+ 10. Qxf3 a6 11. Bxc6+ bxc6 12. O-O c5 13. Be3 cxd4 14. Bxd4 Be7
15. Rac1 O-O 16. Ne2 Bg5 17. Rc2 Bb7 18. Nf4 Qe7 19. Rfc1 f6 20. Rc7 Qb4 21. Be3
fxe5 22. Nxe6 Rxf3 23. Rxg7+ Kh8 24. Rxg5 d4 25. a3 Qxb2 26. Nc5 dxe3 27. Nd3
exf2+ 28. Kf1 Rxd3 {MorataJules a abandonné} 0-1

[Event "Tournament 14475 - Europe Echecs"]
[Site "Europe Echecs"]
[Date "2020.07.12"]
[Round "7"]
[Time "17:15:33"]
[PlyCount "48"]
[White "ChevillonCelia"]
[Black "GavilaQuentin"]
[WhiteElo "1433"]
[BlackElo "1199"]
[Mode "WEB"]
[Result "1-0"]

1. e4 e6 2. d4 d5 3. exd5 exd5 4. Bf4 Nf6 5. Bd3 Bd6 6. Bxd6 Qxd6 7. h3 Qb4+ 8.
Nd2 Qxd4 9. Rb1 O-O 10. Ne2 Re8 11. O-O Qh4 12. Ng3 Nc6 13. Nf3 Qh6 14. Re1 Nb4
15. Rxe8+ Nxe8 16. Qe1 Nf6 17. Qxb4 a5 18. Qc3 c6 19. Re1 Be6 20. Bf5 Bxf5 21.
Nxf5 Qf4 22. Ng3 Rd8 23. Qe3 Qd4 24. Qxd4 {GavilaQuentin a abandonné} 1-0

[Event "Tournament 14475 - Europe Echecs"]
[Site "Europe Echecs"]
[Date "2020.07.12"]
[Round "7"]
[Time "17:15:33"]
[PlyCount "58"]
[White "SepahpourSherv"]
[Black "BOUMRARAyrad"]
[WhiteElo "1398"]
[BlackElo "1431"]
[Mode "WEB"]
[Result "1-0"]

1. d4 Nf6 2. c4 e6 3. Nc3 d5 4. Nf3 Be7 5. e3 O-O 6. Ne5 Nbd7 7. f4 c5 8. Bd3 b6
9. O-O Bb7 10. cxd5 exd5 11. Rf3 Ne4 12. Qc2 Nxc3 13. Bxh7+ Kh8 14. bxc3 Nxe5
15. fxe5 Bc8 16. Bf5 g6 17. Bxc8 Rxc8 18. Qf2 Kg7 19. Ba3 cxd4 20. Bxe7 Qxe7 21.
exd4 Rc4 22. Rf1 a5 23. Rf6 Rxc3 24. Rxb6 Qc7 25. Qf6+ Kg8 26. e6 Rc1 27. exf7+
Kh7 28. Qxg6+ Kh8 29. Qh6# {BOUMRARAyrad est échec et mat} 1-0

[Event "Tournament 14475 - Europe Echecs"]
[Site "Europe Echecs"]
[Date "2020.07.12"]
[Round "7"]
[Time "17:15:33"]
[PlyCount "103"]
[White "FavierSagnesJu"]
[Black "HeilerLucas"]
[WhiteElo "1178"]
[BlackElo "1463"]
[Mode "WEB"]
[Result "0-1"]

1. c4 c5 2. g3 d6 3. Bg2 Nf6 4. Nc3 g6 5. d3 Bg7 6. Bd2 O-O 7. Nf3 Nc6 8. O-O
Bd7 9. Rb1 Rb8 10. a3 a5 11. Bg5 Qc8 12. Re1 Bh3 13. Bd2 h5 14. Ng5 Bxg2 15.
Kxg2 Ng4 16. h3 Nf6 17. Qc1 Bh6 18. Nf3 Bxd2 19. Qxd2 Kg7 20. b3 Rh8 21. Qb2 Nd4
22. Nd5 e5 23. Nxd4 exd4 24. Nxf6 Kxf6 25. Qd2 Qc6+ 26. Kh2 h4 27. Qf4+ Kg7 28.
g4 Rbf8 29. e3 dxe3 30. fxe3 f5 31. gxf5 Rxf5 32. Qg4 Qd7 33. Rg1 Rf2+ 34. Kh1
Qc6+ 35. e4 Qe8 36. a4 Qf7 37. Qg5 Qf3+ 38. Qg2 Rxg2 39. Rxg2 Qxh3+ 40. Kg1 Qe3+
41. Kh1 Qxd3 42. Rbg1 Rh6 43. Rg4 Qxb3 44. Rg5 Qxc4 45. e5 Qe4+ 46. R1g2 h3 47.
Rxg6+ Rxg6 48. exd6 hxg2+ 49. Kg1 Qe1+ 50. Kh2 g1=Q+ 51. Kh3 Qeg3# {FavierSagnesJu est échec et mat} 0-1

[Event "Tournament 14475 - Europe Echecs"]
[Site "Europe Echecs"]
[Date "2020.07.12"]
[Round "7"]
[Time "17:15:33"]
[PlyCount "147"]
[White "DhenninTanguy"]
[Black "TighargharElio"]
[WhiteElo "1160"]
[BlackElo "1119"]
[Mode "WEB"]
[Result "0-1"]

1. e4 e5 2. Nf3 d6 3. Bc4 Nc6 4. h3 h6 5. Nc3 Nf6 6. d3 Qe7 7. Be3 Be6 8. Bb5
Bd7 9. O-O a6 10. Ba4 b5 11. Bb3 Na5 12. a4 Nxb3 13. cxb3 b4 14. Nd5 Nxd5 15.
exd5 a5 16. Re1 g6 17. d4 e4 18. Bd2 Bg7 19. Bf4 f5 20. Nd2 O-O 21. Kh1 Qf6 22.
Be3 Qf7 23. Nc4 Qxd5 24. Nb6 cxb6 25. Qd2 Rfc8 26. Bxh6 Bxh6 27. Qxh6 Qf7 28.
Re3 d5 29. Rg3 Rc6 30. Re1 Qh7 31. Qg5 Kf7 32. f3 Re8 33. fxe4 Rxe4 34. Rxe4
dxe4 35. Qf4 Qh5 36. Qe5 Rc1+ 37. Kh2 Qd1 38. Qd5+ Be6 39. Qb7+ Kf6 40. Rxg6+
Kxg6 41. Kg3 f4+ 42. Kxf4 Qf1+ 43. Kg3 Qd3+ 44. Kh4 Qxd4 45. Qe7 Qf6+ 46. Qxf6+
Kxf6 47. g4 Bxg4 48. hxg4 Kg6 49. Kg3 Rb1 50. Kf4 Rxb2 51. Kxe4 Rxb3 52. Kd5 Ra3
53. Kc6 Rxa4 54. Kxb6 Ra1 55. Kb5 Kg5 56. Kc4 Kxg4 57. Kb3 Kf4 58. Kb2 Rh1 59.
Kb3 Rh5 60. Kc4 Ke3 61. Kb3 Kd4 62. Ka4 Rg5 63. Kb3 Kc5 64. Ka4 Kb6 65. Kb3 Kb5
66. Kb2 a4 67. Kc2 Rg3 68. Kb2 a3+ 69. Ka2 Kc4 70. Kb1 Rg2 71. Ka1 b3 72. Kb1
Kc3 73. Ka1 Rg1# {DhenninTanguy est échec et mat} 0-1

[Event "Tournament 14475 - Europe Echecs"]
[Site "Europe Echecs"]
[Date "2020.07.12"]
[Round "7"]
[Time "17:15:33"]
[PlyCount "108"]
[White "CiarlettaIris"]
[Black "GerardKelian"]
[WhiteElo "1493"]
[BlackElo "1056"]
[Mode "WEB"]
[Result "1-0"]

1. d4 e6 2. c4 d5 3. Nc3 c5 4. cxd5 exd5 5. dxc5 Bxc5 6. Qxd5 Qxd5 7. Nxd5 Bd6
8. Be3 Nc6 9. O-O-O Be6 10. Nc3 Bb4 11. Nb5 Ba5 12. Nd6+ Ke7 13. Nxb7 Bb6 14.
Nc5 Bxc5 15. Bxc5+ Ke8 16. e3 a6 17. a3 Nf6 18. g3 Ne4 19. Bd4 Nxf2 20. Bg2 Rc8
21. Kb1 Nxd1 22. Nh3 Nxd4 23. Rxd1 Nb5 24. Nf4 Bg4 25. Rd3 Bf5 26. e4 Bg4 27. a4
g5 28. Nd5 Nc7 29. Nf6+ Ke7 30. Nxg4 Rhd8 31. Rf3 Rd2 32. Rf2 Rxf2 33. Nxf2 Ne6
34. Bf1 Nd4 35. Bxa6 Rc2 36. Nh3 Rxh2 37. Nxg5 Rh5 38. Nxf7 Kxf7 39. Bc4+ Kf6
40. b4 Rg5 41. b5 Rxg3 42. b6 Rg7 43. a5 Ke5 44. a6 Kxe4 45. a7 Rg1+ 46. Ka2
Rg2+ 47. Ka3 Nc2+ 48. Ka4 Rg8 49. Bxg8 Kd4 50. a8=Q Kc5 51. b7 Na3 52. b8=Q Kd4
53. Qd5+ Kc3 54. Qbb3# {GerardKelian est échec et mat} 1-0

[Event "Tournament 14475 - Europe Echecs"]
[Site "Europe Echecs"]
[Date "2020.07.12"]
[Round "8"]
[Time "17:43:30"]
[PlyCount "83"]
[White "DroinAugustin"]
[Black "LamazeSimon"]
[WhiteElo "2313"]
[BlackElo "2185"]
[Mode "WEB"]
[Result "1/2-1/2"]

1. e4 c5 2. Nf3 Nc6 3. Bb5 g6 4. O-O Bg7 5. Nc3 Nf6 6. e5 Ng4 7. Bxc6 bxc6 8.
Re1 h5 9. d3 O-O 10. h3 Nh6 11. Ne4 d6 12. exd6 exd6 13. Bg5 f6 14. Bf4 Nf7 15.
c3 Rb8 16. Qd2 Rb7 17. Bg3 Re8 18. b3 Rbe7 19. Qc2 f5 20. Ned2 Rxe1+ 21. Rxe1
Rxe1+ 22. Nxe1 Qf6 23. d4 f4 24. Bh2 Bf5 25. Qc1 g5 26. h4 cxd4 27. cxd4 Qxd4
28. Nef3 Qc3 29. Qxc3 Bxc3 30. hxg5 Nxg5 31. Bxf4 Nxf3+ 32. Nxf3 Bb4 33. Bd2 Ba3
34. Be3 c5 35. Nd2 d5 36. f3 Kf7 37. Kf2 d4 38. Bf4 Ke6 39. Nc4 Bb4 40. Bd2 Bxd2
41. Nxd2 Bd3 {Nulle par accord mutuel} 1/2-1/2

[Event "Tournament 14475 - Europe Echecs"]
[Site "Europe Echecs"]
[Date "2020.07.12"]
[Round "8"]
[Time "17:43:30"]
[PlyCount "61"]
[White "MakkarRajat"]
[Black "EugeneFloryan"]
[WhiteElo "2214"]
[BlackElo "2343"]
[Mode "WEB"]
[Result "0-1"]

1. d4 Nf6 2. c4 g6 3. g3 Bg7 4. Bg2 O-O 5. Nc3 d6 6. Nf3 Nc6 7. O-O e5 8. d5 Nb8
9. e4 a5 10. Ne1 Na6 11. Nd3 Nd7 12. Be3 Nac5 13. Nxc5 Nxc5 14. a3 Bd7 15. b4
axb4 16. axb4 Rxa1 17. Qxa1 Nb3 18. Qd1 Nd4 19. Ne2 c5 20. bxc5 dxc5 21. f4 exf4
22. Nxf4 Qa5 23. Qd2 Qa4 24. Nd3 b6 25. Rb1 Qxc4 26. Rxb6 Ra8 27. Rb1 Bb5 28.
Nc1 Nf3+ 29. Kh1 Nxd2 30. Bxd2 Ra1 {MakkarRajat a abandonné} 0-1

[Event "Tournament 14475 - Europe Echecs"]
[Site "Europe Echecs"]
[Date "2020.07.12"]
[Round "8"]
[Time "17:43:30"]
[PlyCount "72"]
[White "JolyJulien"]
[Black "BressyTheo"]
[WhiteElo "2188"]
[BlackElo "2289"]
[Mode "WEB"]
[Result "1-0"]

1. e4 e6 2. Nc3 d5 3. Nf3 d4 4. Ne2 c5 5. c3 Nf6 6. e5 Nfd7 7. cxd4 cxd4 8.
Nexd4 Nxe5 9. Bb5+ Nec6 10. O-O Bd7 11. Re1 Be7 12. Nb3 Nb4 13. Bxd7+ Nxd7 14.
a3 Nd5 15. d4 O-O 16. Ne5 a5 17. Qf3 N7f6 18. Be3 Qb6 19. Nc5 Bxc5 20. dxc5 Qxb2
21. Nc4 Qb5 22. Nd6 Qc6 23. Rab1 Nd7 24. Nxb7 a4 25. Bd4 Rab8 26. Nd6 Rxb1 27.
Rxb1 e5 28. Be3 Nxc5 29. Nf5 Kh8 30. Rc1 Qe6 31. Bxc5 Rc8 32. Be3 Rxc1+ 33. Bxc1
e4 34. Qg3 g6 35. Bb2+ Kg8 36. Qb8+ {BressyTheo a perdu au temps} 1-0

[Event "Tournament 14475 - Europe Echecs"]
[Site "Europe Echecs"]
[Date "2020.07.12"]
[Round "8"]
[Time "17:43:30"]
[PlyCount "69"]
[White "TomasiElise"]
[Black "MateriaMarco"]
[WhiteElo "2030"]
[BlackElo "2269"]
[Mode "WEB"]
[Result "0-1"]

1. d4 Nf6 2. Nf3 e6 3. g3 Be7 4. Bg2 O-O 5. O-O d5 6. c4 dxc4 7. Qc2 c6 8. Qxc4
b5 9. Qc2 Bb7 10. Nc3 Nbd7 11. Rd1 a6 12. Ne5 Qb6 13. a4 Nxe5 14. dxe5 Ng4 15.
e4 Nxe5 16. Bf4 Bf6 17. Bxe5 Bxe5 18. Kh1 Rad8 19. f4 Bd4 20. e5 c5 21. Ne4 Bxe4
22. Bxe4 g6 23. h4 Kg7 24. Kg2 h5 25. a5 Qc7 26. Qe2 c4 27. g4 hxg4 28. Qxg4
Bxb2 29. Rab1 c3 30. Qg5 Rxd1 31. Rxd1 c2 32. Qf6+ Kg8 33. Bxg6 fxg6 34. Qxg6+
Qg7 {TomasiElise a abandonné} 0-1

[Event "Tournament 14475 - Europe Echecs"]
[Site "Europe Echecs"]
[Date "2020.07.12"]
[Round "8"]
[Time "17:43:30"]
[PlyCount "140"]
[White "ProfiliEmilio"]
[Black "RaclotLeo"]
[WhiteElo "2053"]
[BlackElo "2124"]
[Mode "WEB"]
[Result "1-0"]

1. e4 e6 2. d4 d5 3. Nc3 Nf6 4. e5 Nfd7 5. Nce2 c5 6. c3 a5 7. Nf3 Nc6 8. a3 b5
9. Nf4 Qb6 10. Be3 Ba6 11. Ng5 Nd8 12. Bd3 h6 13. Ngxe6 Nxe6 14. Nxd5 Qd8 15.
Be4 Rc8 16. f4 Nb6 17. Nxb6 Qxb6 18. d5 Nc7 19. d6 Rd8 20. Qf3 Bxd6 21. Bc6+ Kf8
22. exd6 Rxd6 23. Be4 b4 24. axb4 axb4 25. Kf2 bxc3 26. bxc3 Bd3 27. Bxd3 Rxd3
28. Rhd1 Rxd1 29. Rxd1 Kg8 30. Qe4 g6 31. Rd8+ Kh7 32. Rxh8+ Kxh8 33. Qe5+ Kh7
34. Bxc5 Qb2+ 35. Kg3 Ne6 36. f5 gxf5 37. Qxf5+ Kg8 38. Bd4 Qe2 39. Qg4+ Qxg4+
40. Kxg4 Kh7 41. Kf5 Nc7 42. c4 Kg8 43. Bf6 Kf8 44. Ke5 Ke8 45. Kd6 Ne6 46. c5
Nf4 47. c6 Ne6 48. c7 Nxc7 49. Kxc7 Kf8 50. Kd7 Kg8 51. Ke7 Kh7 52. Kxf7 h5 53.
Bg5 h4 54. Bxh4 Kh8 55. Kg6 Kg8 56. Bf6 Kf8 57. h4 Kg8 58. h5 Kf8 59. h6 Ke8 60.
h7 Kd7 61. h8=Q Ke6 62. Qe8+ Kd5 63. Kf5 Kc4 64. Qd7 Kb3 65. Qc6 Kb4 66. Ke4 Kb3
67. Kd3 Kb4 68. Qb6+ Ka4 69. Kc3 Ka3 70. Qa6# {RaclotLeo est échec et mat} 1-0

[Event "Tournament 14475 - Europe Echecs"]
[Site "Europe Echecs"]
[Date "2020.07.12"]
[Round "8"]
[Time "17:43:30"]
[PlyCount "90"]
[White "Razafindratsim"]
[Black "LemiereMaxence"]
[WhiteElo "2336"]
[BlackElo "1618"]
[Mode "WEB"]
[Result "1-0"]

1. e4 g6 2. d4 Bg7 3. Nf3 d6 4. Bc4 e6 5. Bb3 Ne7 6. O-O O-O 7. c3 b6 8. Qe2 Bb7
9. Re1 Nd7 10. Bg5 c5 11. Nbd2 cxd4 12. cxd4 d5 13. exd5 h6 14. Bxe7 Qxe7 15.
dxe6 fxe6 16. Qxe6+ Qxe6 17. Bxe6+ Kh8 18. Bxd7 Bxf3 19. Nxf3 Rad8 20. Bb5 Bxd4
21. Nxd4 Rxd4 22. b3 Rd2 23. Re2 Rfd8 24. Rxd2 Rxd2 25. g3 Kg7 26. Kg2 Kf6 27.
Kf3 g5 28. Ke3 Rb2 29. Bc4 h5 30. a4 a5 31. Rd1 h4 32. Rd6+ Ke7 33. Rxb6 hxg3
34. hxg3 Rb1 35. Rb5 Re1+ 36. Be2 Kf6 37. Rxa5 Rb1 38. Rb5 Rc1 39. a5 Rc3+ 40.
Bd3 Rc7 41. a6 Ra7 42. Rb7 Ra8 43. a7 Ke5 44. Be4 g4 45. Rb5+ {LemiereMaxence a abandonné} 1-0

[Event "Tournament 14475 - Europe Echecs"]
[Site "Europe Echecs"]
[Date "2020.07.12"]
[Round "8"]
[Time "17:43:30"]
[PlyCount "95"]
[White "WeismanNathan"]
[Black "SayaEthan"]
[WhiteElo "2186"]
[BlackElo "2199"]
[Mode "WEB"]
[Result "0-1"]

1. e4 d5 2. exd5 Qxd5 3. Nc3 Qa5 4. d4 Nf6 5. Nf3 Bf5 6. Bc4 e6 7. Bd2 c6 8. Nd5
Qd8 9. Nxf6+ Qxf6 10. Qe2 Bd6 11. O-O-O Bg4 12. d5 cxd5 13. Bxd5 Nc6 14. Bc3
Bf4+ 15. Kb1 Qh6 16. h3 Bxf3 17. Bxf3 O-O 18. Rd7 Rab8 19. Rhd1 Bg5 20. g3 Bf6
21. Bd2 Bg5 22. h4 Bxd2 23. R1xd2 Qf6 24. Be4 Rfd8 25. Bxc6 bxc6 26. Rxd8+ Rxd8
27. Rxd8+ Qxd8 28. c3 Qd5 29. b3 h6 30. c4 Qd4 31. Qe3 Qxe3 32. fxe3 g5 33. hxg5
hxg5 34. b4 f5 35. Kc2 Kf7 36. Kd3 e5 37. a4 Ke6 38. g4 f4 39. Ke4 Kd6 40. a5 a6
41. Kf3 c5 42. b5 axb5 43. cxb5 c4 44. Ke4 c3 45. a6 Kc7 46. exf4 exf4 47. Kd3
f3 {WeismanNathan a abandonné} 0-1

[Event "Tournament 14475 - Europe Echecs"]
[Site "Europe Echecs"]
[Date "2020.07.12"]
[Round "8"]
[Time "17:43:30"]
[PlyCount "49"]
[White "BaudouinSimon"]
[Black "HingouetMatthi"]
[WhiteElo "1926"]
[BlackElo "2228"]
[Mode "WEB"]
[Result "0-1"]

1. d4 Nf6 2. c4 e6 3. g3 c5 4. d5 exd5 5. cxd5 d6 6. Nc3 g6 7. e4 Bg7 8. Bg2 O-O
9. Nge2 Re8 10. O-O b5 11. Bg5 b4 12. Na4 h6 13. Be3 Nxe4 14. a3 a5 15. Qc2 Ba6
16. Bxe4 Bxe2 17. Rfe1 Bb5 18. Ra2 Bxa4 19. Qxa4 Rxe4 20. axb4 Rxb4 21. Qc2 Nd7
22. Bd2 Rd4 23. Rxa5 Rxa5 24. Bxa5 Qxa5 {BaudouinSimon a abandonné} 0-1

[Event "Tournament 14475 - Europe Echecs"]
[Site "Europe Echecs"]
[Date "2020.07.12"]
[Round "8"]
[Time "17:43:30"]
[PlyCount "87"]
[White "KuhnClement"]
[Black "courjalpauline"]
[WhiteElo "2150"]
[BlackElo "1848"]
[Mode "WEB"]
[Result "0-1"]

1. d4 e6 2. g3 b6 3. Bg2 Nc6 4. Nf3 Bb7 5. O-O f5 6. c4 Nf6 7. Nc3 Bb4 8. Bg5 h6
9. Bd2 O-O 10. a3 Bxc3 11. bxc3 Ne4 12. Qc2 Na5 13. Ne5 Nxd2 14. Qxd2 Bxg2 15.
Kxg2 Nb3 16. Qd3 Nxa1 17. Rxa1 d6 18. Nf3 Qf6 19. Nd2 e5 20. e4 f4 21. Rf1 Rf7
22. f3 Raf8 23. c5 dxc5 24. dxc5 Rd8 25. Qe2 bxc5 26. Nc4 Rfd7 27. Kg1 Qg5 28.
g4 h5 29. h3 Kf7 30. h4 Qf6 31. g5 Qe6 32. Kg2 Rd3 33. Rc1 Qxc4 34. Rc2 Qb3 35.
Kh2 Rxc3 36. Rb2 Qc4 37. Qg2 g6 38. a4 Rcd3 39. Rc2 Qxc2 40. Qxc2 Rd2+ 41. Kh3
Rxc2 42. a5 Rdd2 43. a6 Rh2# {KuhnClement est échec et mat} 0-1

[Event "Tournament 14475 - Europe Echecs"]
[Site "Europe Echecs"]
[Date "2020.07.12"]
[Round "8"]
[Time "17:43:30"]
[PlyCount "125"]
[White "GuerinJuliette"]
[Black "RollotFlorence"]
[WhiteElo "1918"]
[BlackElo "1973"]
[Mode "WEB"]
[Result "0-1"]

1. e4 d5 2. exd5 Qxd5 3. Nc3 Qa5 4. d4 Nf6 5. Bd2 Bg4 6. f3 Bf5 7. Bc4 c6 8. g4
Bg6 9. h4 h5 10. g5 Nfd7 11. f4 Qc7 12. Nf3 e6 13. Bb3 Nb6 14. Qe2 Bf5 15. O-O-O
Bd6 16. Ne5 Bxe5 17. Qxe5 Qxe5 18. dxe5 Na6 19. Rde1 O-O-O 20. Ne4 Bxe4 21. Rxe4
Nc5 22. Re3 Rd4 23. Rf3 Rhd8 24. Be3 Nxb3+ 25. axb3 Re4 26. Bc5 Rd5 27. Bf8 g6
28. Bd6 Rdd4 29. Rhf1 Re2 30. R3f2 Rde4 31. Kd1 Rxf2 32. Rxf2 Nd5 33. Kd2 Rxf4
34. Rh2 Kd7 35. c4 Ne7 36. Bc5 b6 37. Bf2 Nf5 38. Kd3 c5 39. Be1 Rf3+ 40. Kc2
Re3 41. Bc3 Re4 42. Rd2+ Ke7 43. Kd3 Rxh4 44. b4 Rh3+ 45. Ke4 h4 46. bxc5 bxc5
47. Kf4 Rh1 48. b4 Rf1+ 49. Kg4 Rc1 50. Rd3 Rg1+ 51. Kh3 Rxg5 52. bxc5 Rg3+ 53.
Rxg3 hxg3 54. Be1 Kd7 55. Kg4 Kc6 56. Kg5 Kxc5 57. Kf6 Kxc4 58. Kxf7 Kd5 59.
Kxg6 g2 60. Bf2 a5 61. Kg5 a4 62. Kf4 a3 {GuerinJuliette a abandonné} 0-1

[Event "Tournament 14475 - Europe Echecs"]
[Site "Europe Echecs"]
[Date "2020.07.12"]
[Round "8"]
[Time "17:43:30"]
[PlyCount "102"]
[White "DenningerGuilh"]
[Black "LarmetNino"]
[WhiteElo "2065"]
[BlackElo "1818"]
[Mode "WEB"]
[Result "1/2-1/2"]

1. c4 e5 2. Nc3 Nc6 3. Nf3 g6 4. d3 Bg7 5. g3 d6 6. Bg2 Nge7 7. O-O O-O 8. e3 f5
9. a3 a5 10. Qc2 h6 11. b3 g5 12. Bb2 f4 13. exf4 exf4 14. h3 fxg3 15. fxg3 Nf5
16. Ne4 Ne3 17. Qd2 Nxf1 18. Rxf1 Ne5 19. Nxe5 Bxe5 20. Bxe5 Rxf1+ 21. Bxf1 dxe5
22. h4 Bf5 23. Bg2 Bxe4 24. Bxe4 c6 25. Kg2 Qf6 26. hxg5 hxg5 27. Qe3 Rf8 28.
Qe2 Kg7 29. Qe1 b6 30. Qe2 c5 31. a4 Qe6 32. Qh5 Qh6 33. Qxh6+ Kxh6 34. Bd5 g4
35. Be4 Kg5 36. Bd5 Re8 37. Be4 Re7 38. Bd5 Re8 39. Be4 Kf6 40. Bd5 e4 41. Bxe4
Rxe4 42. dxe4 Ke5 43. Kf2 Kxe4 44. Ke2 Kd4 45. Kd2 Ke4 46. Ke2 Kf5 47. Ke3 Ke5
48. Kd3 Kf5 49. Ke3 Ke5 50. Kd3 Kf5 51. Ke3 {Nulle par répétition} 1/2-1/2

[Event "Tournament 14475 - Europe Echecs"]
[Site "Europe Echecs"]
[Date "2020.07.12"]
[Round "8"]
[Time "17:43:30"]
[PlyCount "22"]
[White "BregnacTristan"]
[Black "LecciaAntoine"]
[WhiteElo "2047"]
[BlackElo "1950"]
[Mode "WEB"]
[Result "1-0"]

1. e4 e5 2. Nf3 Nc6 3. Bb5 a6 4. Ba4 Nf6 5. O-O b5 6. Bb3 Bb7 7. d4 Nxd4 8. Nxd4
exd4 9. e5 Ne4 10. Qf3 Nc5 11. Qxf7# {LecciaAntoine est échec et mat} 1-0

[Event "Tournament 14475 - Europe Echecs"]
[Site "Europe Echecs"]
[Date "2020.07.12"]
[Round "8"]
[Time "17:43:30"]
[PlyCount "93"]
[White "DelinValere"]
[Black "RebutPaul"]
[WhiteElo "2043"]
[BlackElo "1966"]
[Mode "WEB"]
[Result "0-1"]

1. e4 d5 2. exd5 Qxd5 3. Nc3 Qa5 4. d4 Nf6 5. Bd2 Qb6 6. Nf3 Bf5 7. Bc4 e6 8.
O-O Bb4 9. a3 Bxc3 10. Bxc3 O-O 11. Bb4 Rd8 12. Be7 Nc6 13. Bxd8 Rxd8 14. c3
Qxb2 15. Qb3 Qxb3 16. Bxb3 Na5 17. Ba2 Bd3 18. Rfd1 Bc4 19. Bxc4 Nxc4 20. Rdb1
b6 21. Rb4 Na5 22. Ne5 Nd5 23. Rb2 Nxc3 24. Rc2 Nd5 25. g3 f6 26. Ng4 Kf7 27.
Ne3 c6 28. a4 Nb4 29. Rcc1 Nb3 30. Rcb1 Nxa1 31. Rxb4 e5 32. dxe5 Rd2 33. exf6
gxf6 34. a5 b5 35. Re4 Nb3 36. Nf5 Rd7 37. Rh4 Kg6 38. g4 Nxa5 39. f4 h5 40.
Rxh5 Rh7 41. Nh4+ Kg7 42. Nf5+ Kh8 43. Rxh7+ Kxh7 44. Ne7 b4 45. Nf5 b3 46. Nd4
b2 {DelinValere a abandonné} 0-1

[Event "Tournament 14475 - Europe Echecs"]
[Site "Europe Echecs"]
[Date "2020.07.12"]
[Round "8"]
[Time "17:43:30"]
[PlyCount "82"]
[White "DecurningeBric"]
[Black "GrancherEtienn"]
[WhiteElo "1582"]
[BlackElo "1987"]
[Mode "WEB"]
[Result "1-0"]

1. e4 c5 2. Nc3 Nc6 3. g3 Nf6 4. Bg2 e5 5. Nge2 Be7 6. d3 O-O 7. O-O d6 8. f4
Nd7 9. Nd5 Re8 10. f5 Rb8 11. g4 Bg5 12. a4 Nb6 13. Nec3 Nxd5 14. Nxd5 Nb4 15.
Nxb4 cxb4 16. c4 Bd7 17. Bxg5 Qxg5 18. Qf3 Rec8 19. b3 Rc5 20. Qg3 a6 21. h4 Qd8
22. g5 Qb6 23. Kh1 Re8 24. Ra2 Qc7 25. Raf2 b5 26. g6 f6 27. gxh7+ Kh8 28. axb5
axb5 29. Qg6 Bc6 30. h5 Rc8 31. Bf3 bxc4 32. dxc4 Qb7 33. h6 Be8 34. Qg2 gxh6
35. Rg1 Qxh7 36. Qh3 Bf7 37. Bh5 Bxh5 38. Qxh5 Rg8 39. Rxg8+ Kxg8 40. Qe8+ Kg7
41. Rg2+ {GrancherEtienn a abandonné} 1-0

[Event "Tournament 14475 - Europe Echecs"]
[Site "Europe Echecs"]
[Date "2020.07.12"]
[Round "8"]
[Time "17:43:30"]
[PlyCount "84"]
[White "SalvadorLucie"]
[Black "ChevillonCelia"]
[WhiteElo "1979"]
[BlackElo "1433"]
[Mode "WEB"]
[Result "1-0"]

1. e4 e5 2. Bc4 Nf6 3. Nc3 Nc6 4. d3 Bc5 5. Nf3 d6 6. O-O Bg4 7. h3 Bh5 8. Ne2
h6 9. c3 Bxf3 10. gxf3 Nh5 11. Kh2 Qf6 12. Ng3 Nf4 13. Bxf4 exf4 14. Ne2 g5 15.
d4 Bb6 16. b4 h5 17. b5 Ne7 18. Qd2 Ng6 19. Rae1 O-O-O 20. Rg1 Rdg8 21. Nc1 Nh4
22. Qe2 Ba5 23. e5 dxe5 24. dxe5 Qf5 25. e6 Qg6 26. exf7 Rf8 27. Be6+ Kb8 28.
Bd5 Bxc3 29. Rd1 Nf5 30. Nd3 Nd6 31. Nc5 Ka8 32. Nd7 Rxf7 33. Bxf7 Qxf7 34. Ne5
Qf5 35. Nc4 Nxc4 36. Qxc4 Be5 37. Qd5 Qf8 38. Rge1 Bd6 39. Re6 Qg8 40. Qe4 Qg7
41. Re8+ Rxe8 42. Qxe8# {ChevillonCelia est échec et mat} 1-0

[Event "Tournament 14475 - Europe Echecs"]
[Site "Europe Echecs"]
[Date "2020.07.12"]
[Round "8"]
[Time "17:43:30"]
[PlyCount "32"]
[White "NoirMathys"]
[Black "SepahpourSherv"]
[WhiteElo "1897"]
[BlackElo "1398"]
[Mode "WEB"]
[Result "1-0"]

1. e4 c5 2. d4 cxd4 3. c3 d3 4. Bxd3 Nc6 5. c4 e6 6. Nc3 Nge7 7. Nf3 g6 8. O-O
Bg7 9. Be3 O-O 10. Qd2 d5 11. exd5 exd5 12. cxd5 Nxd5 13. Bh6 Bxh6 14. Qxh6 Nxc3
15. bxc3 Qxd3 16. Ng5 {SepahpourSherv a abandonné} 1-0